000 00353nab a22001097u 4500
008 130520b2010 xxu||||| |||| 00| 0 spa d
041 _aspa
100 1 _aTorres Queiruga, Andrés
_92747
245 0 0 _aLey natural y teología en contexto secular
_cAndrés Torres Queiruga
773 0 _tConcilium
_gnº336,2010,págs. 33-46
_x0210-1041
_wRev134
942 _cAR
999 _c413635
_d413635